| 000 | 00351nam a22001577a 4500 | ||
|---|---|---|---|
| 003 | OSt | ||
| 005 | 20220127132312.0 | ||
| 008 | 220127b |||||||| |||| 00| 0 eng d | ||
| 020 | _a76770481 | ||
| 040 | _cHU | ||
| 082 | _a621.3192 | ||
| 100 |
_aAcciruts _928873 |
||
| 245 | _aAcciruts | ||
| 260 |
_aAddis Ababa _bAddis Ababa |
||
| 942 |
_2ddc _cBOOKS _n0 |
||
| 999 |
_c28150 _d28150 |
||